| 000 | 00595nam a2200253Ia 4500 | ||
|---|---|---|---|
| 008 | 210210b1933 xxu||||| |||| 00| 0 eng d | ||
| 041 | _aeng | ||
| 082 | _a335/390 | ||
| 100 | _a- | ||
| 245 | _aReport of Indian tariff board re protection to sericultural industry | ||
| 260 |
_aDelhi _bManager of Publications, _c1933 |
||
| 650 | _ato | ||
| 650 | _atariff | ||
| 650 | _asericultural | ||
| 650 | _aReport | ||
| 650 | _are | ||
| 650 | _aprotection | ||
| 650 | _aof | ||
| 650 | _aindustry | ||
| 650 | _aIndian | ||
| 650 | _aboard | ||
| 690 | _aIndian Economics | ||
| 906 | _a004732 | ||
| 999 |
_c128016 _d128016 |
||